| 000 | 00997nam a22002177a 4500 | ||
|---|---|---|---|
| 003 | OSt | ||
| 005 | 20260218152821.0 | ||
| 008 | 260218b |||||||| |||| 00| 0 eng d | ||
| 040 | _c0 | ||
| 082 | _aDPer 796.07 J826 January-October 2023 v. 42 n. 1-4 | ||
| 100 |
_aMaravé-Vivas, María _eauthor. _969727 |
||
| 245 |
_aService-Learning and Physical education in Preservice Teacher Training : _bToward the Development of Civic Skills and Attitudes / _cMaría Maravé-Vivas, Jesús Gil-Gomez, Odet Moliner García, Carlos Capella-Peris. |
||
| 260 |
_aChampaign, IL _bHuman Kinetics, Inc. , _cOctober 2023. |
||
| 300 |
_aVolume 42, pages 631-639 : _billustration ; _c29 cm. |
||
| 500 | _aJournal of Teaching in Physical Education, vol. 42 no. 4, pages 631-639, July 2023. | ||
| 700 |
_aMaravé-Vivas, María _eauthor. _969727 |
||
| 700 |
_aGil-Gomez, Jesus. _eauthor. _959905 |
||
| 700 |
_aGarcía, Odet Moliner _eauthor. _969819 |
||
| 700 |
_aCapella-Peris, Carlos. _eauthor. _959904 |
||
| 942 |
_2ddc _cPER |
||
| 999 |
_c24353 _d24353 |
||